| 000 | 01292 a2200241 4500 | ||
|---|---|---|---|
| 003 | NUST | ||
| 005 | 20221230184442.0 | ||
| 010 | _a 2003042439 | ||
| 020 | _a0387954317 (alk. paper) | ||
| 040 | _cNust | ||
| 082 | 0 | 0 | _a363.58,MAL |
| 100 |
_aMaltoni, Davide _995669 |
||
| 245 | 0 | 0 |
_aHandbook of fingerprint recognition / _cDavide Maltoni, Dario maio, Anil k. Jain, and Salil Prabhakar |
| 260 |
_aNew York : _bSpringer, _cc2003. |
||
| 300 |
_axii, 348 p. : _bill. ; _c24 cm. + _e1 computer CD-ROM (4 3/4 in.) |
||
| 505 | _aIntroduction (Page-1), Fingerprint Sensing (Page-53), Fingerprint Analysis and Representation (Page-83), Finger print Matching(Page-131), Fingerprint Classification and Indexing (Page-173), Synthetic Fingerprint Generation (Page-203), Multimodel Biometric Systems (Page-233), Fingerprint Individuality (Page-257), Securing Fingerprint Systems (Page-281), Bibliography (Page-311). | ||
| 650 | 0 |
_aFingerprints _xClassification. _982406 |
|
| 650 | 0 |
_aFingerprints _xIdentification. _982405 |
|
| 700 | 1 |
_aJain, Anil K., _d1948- _982407 |
|
| 856 | 4 | 2 |
_3Publisher description _uhttp://www.loc.gov/catdir/enhancements/fy0817/2003042439-d.html |
| 856 | 4 | 2 |
_3Table of contents only _uhttp://www.loc.gov/catdir/enhancements/fy0817/2003042439-t.html |
| 942 |
_2ddc _cBK _k363.58,MAL |
||
| 999 |
_c194262 _d194262 |
||